000 00520nam a2200193Ia 4500
003 GCL
008 140319s9999 xx 000 0 eng d
040 _aGCL /
_cGCL
082 0 4 _aCH
_b823
_bM C
100 1 _aMC CLANAHAN BOOK COMPANY, INC
245 1 0 _aCINDERELLA /
_cMC CLANAHAN BOOK COMPANY, INC
700 1 _aWILBURN, KATHY
260 _a[S.N] :
_bMC CLANAHAN BOOK COMPANY ،
_c1995
650 0 4 _aENGLISH LITERATURE
650 0 4 _aENGLISH FICTION
650 0 4 _aFICTION
650 0 4 _aLITERACY
942 _2ddc
_cBK
999 _c14668
_d14668